Obras (Registro nro. 18750)
[ vista simple ]
| 000 -CABECERA | |
|---|---|
| Longitud fija campo de control | 00901nam a22002771 4500 |
| 001 - NÚMERO DE CONTROL | |
| Número de control | bimo0001405690 |
| 003 - IDENTIFICADOR DELl NÚMERO DE CONTROL | |
| Identificador del número de control | OSt |
| 005 - FECHA Y HORA DE LA ÚLTIMA TRANSACCIÓN | |
| Fecha y hora de la última transacción | 20150219145354.0 |
| 008 - CÓDIGOS DE INFORMACIÓN DE LONGITUD FIJA | |
| Códigos de información de longitud fija | 960922s1971 sp spa |
| 040 ## - FUENTE DE LA CATALOGACIÓN | |
| Centro transcriptor | BMC |
| 082 ## - NÚMERO DE LA CLASIFICACIÓN DECIMAL DEWEY | |
| Númeroo de clasificación | 843 |
| 100 1# - PUNTO DE ACCESO PRINCIPAL-NOMBRE DE PERSONA | |
| Nombre de persona | Sagan, Françoise |
| Fechas asociadas al nombre | 1935-2004 |
| 9 (RLIN) | 31256 |
| 245 10 - MENCIÓN DE TÍTULO | |
| Título | Obras |
| Mención de responsabilidad, etc. | Francoise Sagan ; [traducción, Noel Clarasó...et al] |
| 250 ## - MENCIÓN DE EDICIÓN | |
| Mención de edición | 2ª ed |
| 260 ## - PUBLICACIÓN, DISTRIBUCIÓN, ETC. (PIE DE IMPRENTA) | |
| Lugar de publicación, distribución, etc. | Esplugas de Llobregat (Barcelona) |
| Nombre del editor, distribuidor, etc. | Plaza y Janés |
| Fecha de publicación, distribución, etc. | 1971 |
| 300 ## - DESCRIPCIÓN FÍSICA | |
| Extensión | 762 p., 3 h. |
| Dimensiones | 15 cm |
| 490 0# - MENCIÓN DE SERIE | |
| Mención de serie | Mensaje |
| 546 ## - NOTA DE LENGUA | |
| Nota de lengua | Traducción de: Bonjour tristesse un certain sourire dans un mois dans un an aimez-vous brahms |
| 650 24 - PUNTO DE ACCESO ADICIONAL DE MATERIA - TÉRMINO DE MATERIA | |
| 9 (RLIN) | 11443 |
| Término de materia o nombre geográfico como elemento inicial | Novela francesa |
| 700 1# - PUNTO DE ACCESO ADICIONAL - NOMBRE DE PERSONA | |
| Nombre de persona | Clarasó, Noel |
| Fechas asociadas al nombre | 1899-1985 |
| 9 (RLIN) | 31861 |
| 740 01 - PUNTO DE ACCESO ADICIONAL - TÍTULO RELACIONADO O ANALÍTICO NO CONTROLADO | |
| Título relacionado o analítico no controlado | Dentro de un mes, dentro de un año. |
| 740 01 - PUNTO DE ACCESO ADICIONAL - TÍTULO RELACIONADO O ANALÍTICO NO CONTROLADO | |
| Título relacionado o analítico no controlado | ¿Le gusta Brahms?. |
| 740 01 - PUNTO DE ACCESO ADICIONAL - TÍTULO RELACIONADO O ANALÍTICO NO CONTROLADO | |
| Título relacionado o analítico no controlado | Cierta sonrisa. |
| 740 01 - PUNTO DE ACCESO ADICIONAL - TÍTULO RELACIONADO O ANALÍTICO NO CONTROLADO | |
| Título relacionado o analítico no controlado | Buenos días, tristeza. |
| 942 ## - ENTRADA DE ELEMENTOS AGREGADOS (KOHA) | |
| Fuente de clasificaión o esquema | Dewey Decimal Classification |
| Koha [por defecto] tipo de item | 1- Monografias |
| Parte de clasificación | ahoj |
| Suprimido | Perdido | Fuente de clasificación o esquema | Estropeado | Restricciones de uso | No para préstamo | Código de colección | Localización permanente | Localización actual | Localización en estanter&íacute;as | Fecha adquisición | Fuente de adquisición | Número de inventario | Préstamos totales | Signatura completa | Código de barras | Fecha última consulta | Coste, precio reemplazado | Fecha del precio de reemplazo | Tipo de item de Koha |
|---|---|---|---|---|---|---|---|---|---|---|---|---|---|---|---|---|---|---|---|
| NULL | NULL | Dewey Decimal Classification | NULL | Prestable | NULL | NULL | Biblioteca Miguel de Cervantes - UNICAES | Biblioteca Miguel de Cervantes - UNICAES | Sala Principal | 25/02/2015 | Donación - Mayorga Rivas | 028582 | N SAG obr | 1028942 | 25/02/2015 | 30.00 | 25/02/2015 | 1- Monografias |